| 000 | 00612nam a2200169 i 4500 | ||
|---|---|---|---|
| 001 | 46889 | ||
| 003 | ES-MaACL | ||
| 005 | 20250901222850.0 | ||
| 007 | t| | ||
| 008 | 030401s1961 sp ||||1| spa d | ||
| 110 | 2 |
_aConsejo Superior de Cámaras Oficiales de Comercio, Industria y Navegación de España _9172319 |
|
| 245 | 1 | 0 |
_aCifras de la economía española / _cConsejo Superior de las Cámaras Oficiales de Comercio, Industria y Navegación de España. |
| 260 |
_aMadrid : _b[s.n.], _c1961 ( _fImp. Sèz) |
||
| 300 |
_a120 p. ; _c28 cm. |
||
| 852 |
_aES-MaACL _jC-19466 _bR.48932 |
||
| 999 |
_c46889 _d46889 |
||